000 00291nam a22001337a 4500
008 170628b xxu||||| |||| 00| 0 eng d
020 _a9780679736189
041 _aeng
080 _a82
100 _a21
101 _agjl
245 _aLOVE IN A DRY SEASON
_cFOOTE.SH
942 _2udc
_cBK
999 _c19391
_d19391